Statistics for Districts of the Island of Cyprus

Click here to take the quiz!

General Stats

  • This quiz has been taken 34 times
  • The average score is 10 of 14

Answers on the Map

Answers color-coded by a green-red scale on the quiz's map according to % correct below.
 

Answer Stats

Answer% Correct
Lefkoşa
94%
Nicosia
94%
Larnaca
89%
Limassol
89%
Gazimağusa
83%
Dhekelia
78%
Famagusta
78%
Paphos
78%
Akrotiri
61%
Girne
61%
UN Bufferzone
56%
Kyrenia
50%
Güzelyurt
22%
Iskele
22%

Score Distribution

Percentile by Number Answered

Percent of People with Each Score

Your Score History

You have not taken this quiz